|
|
|
|
| LEADER |
00000nas a2200000 a 4500 |
| 001 |
ssj0012600 |
| 003 |
WaSeSS |
| 005 |
20200512172242.0 |
| 006 |
m d |
| 007 |
cr n |
| 008 |
980807c19889999mausr pss 0 a0eng c |
| 010 |
|
|
|a sn 98007796
|
| 016 |
7 |
|
|a 000024300903
|2 AU
|
| 016 |
7 |
|
|a 2021723-7
|2 DE-600
|
| 022 |
|
|
|a 1520-0442
|l 0894-8755
|y 0894-8755
|
| 035 |
|
|
|a (WaSeSS)ssj0012600
|
| 037 |
|
|
|b American Meteorological Society, 45 Beacon Street, Boston, MA 02108-871
|
| 037 |
|
|
|a 22573/ctt1jd8nd8
|b JSTOR
|
| 040 |
|
|
|a NSD
|b eng
|c NSD
|d OCL
|d OCLCQ
|d TXA
|d OCLCQ
|d OCL
|d OCLCQ
|d DLC
|d OCLCQ
|d OCLCO
|d OCLCQ
|d DLC
|d OCLCF
|d OCLCO
|d VT2
|d OCLCA
|d OCLCQ
|d OCLCA
|d WT2
|d TEF
|d OCLCQ
|d TOF
|d AU@
|d WYU
|d SFB
|d OCLCQ
|d WaSeSS
|
| 042 |
|
|
|a nsdp
|a pcc
|
| 050 |
1 |
4 |
|a QC851
|b .J56
|
| 082 |
1 |
0 |
|a 551
|2 13
|
| 130 |
0 |
|
|a Journal of climate (Online)
|
| 210 |
0 |
|
|a J. clim.
|b (Online)
|
| 222 |
|
0 |
|a Journal of climate
|b (Online)
|
| 245 |
1 |
0 |
|a Journal of climate
|h [electronic resource].
|
| 260 |
|
|
|a Boston, MA :
|b American Meteorological Society,
|c 1988-
|
| 310 |
|
|
|a Semimonthly,
|b 2000-
|
| 321 |
|
|
|a Monthly,
|b 1988-1999
|
| 362 |
0 |
|
|a Vol. 1, no. 1 (Jan. 1988)-
|
| 500 |
|
|
|a Title from issue table of contents (American Meteorological Society website, viewed on Jan. 5, 2004).
|
| 506 |
|
|
|a License restrictions may limit access.
|
| 538 |
|
|
|a Mode of access: World Wide Web.
|
| 588 |
1 |
|
|a Vol. 17, no. 1 (1 Jan. 2004).
|
| 650 |
|
0 |
|a Climatology
|v Periodicals.
|
| 650 |
|
0 |
|a Climatic changes
|v Periodicals.
|
| 650 |
|
0 |
|a Meteorology
|v Periodicals.
|
| 650 |
|
7 |
|a Climatic changes.
|2 fast
|0 (OCoLC)fst00864229
|
| 650 |
|
7 |
|a Climatology.
|2 fast
|0 (OCoLC)fst00864281
|
| 650 |
|
7 |
|a Meteorology.
|2 fast
|0 (OCoLC)fst01018441
|
| 655 |
|
0 |
|a Electronic journals.
|
| 710 |
2 |
|
|a American Meteorological Society.
|
| 776 |
0 |
8 |
|i Print version:
|t Journal of climate
|x 0894-8755
|w (DLC) 88648223
|w (OCoLC)16275228
|
| 780 |
0 |
1 |
|t Journal of climate and applied meteorology (Online)
|x 2163-5366
|w (DLC) 2004263080
|w (OCoLC)54056962
|
| 856 |
4 |
0 |
|z Full text available from Research Library: 06/01/1998 to 2 years ago
|u https://search.proquest.com/publication/32902
|